000 00746nam a2200265Ia 4500
001 52623
005 20240114005312.0
007 ta
008 100831s2007 g b000 u 903 u
020 _a10:6-67008-117-5
040 _aCotton College,Assam
041 _a903
082 _a327.11709
_bSa 21 Fr
100 _aSaikia, Jaideep .
245 0 _aFrontier in Flames : North East India in Turmoil /
_cJaideep Saikia.
_hTextual Documents
250 _aIst ed. /
260 _aNew Delhi :
_bPenguin Books India Pvt.Ltd. ,
_c2007.
300 _a205pg ;
_c19cm.
653 _aNorth East- India
653 _aPolitical science
653 _aLibrarian`s Room
942 _2ddc
_cBK
999 _c52586
_d52586